| 000 | 01829nas a2200265 i 4500 | ||
|---|---|---|---|
| 003 | DO-SdBNP | ||
| 005 | 20260529123520.0 | ||
| 007 | ta | ||
| 008 | 260527e2024 dr mo|p|r||||||0| | spa d | ||
| 040 |
_aDO-SdBNP _bspa _cBNPHU _erda |
||
| 041 | _aspa | ||
| 110 |
_aFundación Don Bosco _989783 |
||
| 245 |
_aJuventud 2000 : _bedición especial 50 aniversario P. Vicente / _cFundación Don Bosco. |
||
| 250 | _aEdición especial 50 aniversario P. Vicente. | ||
| 264 |
_aSanto Domingo , República Dominicana : _bFundación Don Bosco. _bEditora Búho, _c2024. |
||
| 300 |
_avolumen : _bilustración, fotografías ; _c28 cm. |
||
| 336 |
_atexto _btxt _2rdacontent |
||
| 337 |
_asin mediación _bn _2rdamedia |
||
| 338 |
_avolumen _bnc _2rdacarrier |
||
| 362 | _aEdición especial agosto 2024 | ||
| 520 | _aEsta edición especial de la revista Juventud 2000 está diseñada evocando su diseño original. Por eso la sencillez de su presentación y también el azul que sera el color de tinta más utilizando. Se editaba y se diseñaba en "stencils", en una máquina de escribir y se imprimí en un mimeógrafo, Berto Rosa estuvo responsabilizado de esta tarea por mucho tiempo. en una ronda en torno a una mesa donde se colocaba cada hoja, íbamos compaginando la revista al final le colocaba tres grapas. Era mágico. Jose Frank rosario se ha encargado de editar y corregir los artículos, Benjamín García ha hecho el trabajo de diagramar y diseñar, como antes lo hicieron, aunque en etapas diferentes. El universo conspira. Las fotografías de esta edición las han suministrado Luis Manuel brito, Bert Rosa, Domingo Gómez, Benjamín García y Reynaldo Castillo. | ||
| 650 |
_aHomenaje _vPublicaciones periódicas _989775 |
||
| 650 | 0 |
_aJuventud _vPublicaciones periódicas _xRepública Dominicana _987109 |
|
| 942 |
_2ddc _cISSUE |
||
| 999 |
_c60830 _d60830 |
||